I ching

Enregistré dans:
Détails bibliographiques
Auteur principal: Lauer, Mirko (Auteur)
Format: Livre
Langue:espagnol
Publié: Madrid Akal 1971
Collection:Akal Bolsillo, 109
Sujets:
Tags: Ajouter un tag
Pas de tags, Soyez le premier à ajouter un tag!

MARC

LEADER 00000nam a2200000 a 4500
001 UCI1737
003 CL-VaPUC
008 070713e19710000SP |||||||||||||||||spa|d
020 |a 8473396642 
082 0 4 |a 895.13  |b LAU  |2 21 
100 0 |a Lauer, Mirko  |e author  |9 522403 
245 1 0 |a I ching 
300 |a 310 p 
942 |c BK 
945 |d 20070713 00:00:00  |a jtorresc 
260 |a Madrid  |b Akal  |c 1971 
650 7 |a LITERATURA CHINA  |2 CL-VaPUC  |9 352595 
650 7 |a NOVELAS CHINAS  |2 CL-VaPUC  |9 352596 
583 |a last modification  |c 20070713 00:00:00  |k Rodrigo Vera 
490 0 |a Akal Bolsillo, 109 
999 |c 326492  |d 326490 
952 |0 0  |1 0  |4 0  |6 895_130000000000000_LAU_1971  |7 0  |8 A  |9 408409  |a BIBGIM  |b BIBGIM  |d 2019-11-22  |i 4278151  |l 1  |m 1  |o 895.13 LAU 1971  |p 4278151  |r 2025-04-28  |s 2025-04-10  |w 2019-11-22  |y BK  |k ORI